000 00611nam a2200193Ia 4500
003 GCL
008 140319s9999 xx 000 0 ara d
040 _aGCL /
_cGCL
082 0 4 _a229.5
_bم م
100 1 _aمحمد متولى الشعراوى
245 1 0 _aمريم والمسيح /
_cمحمد متولى الشعراوى
250 _a1421
260 _aالقاهرة :
_bمكتبة التراث الاسلامى ،
_c2000
300 _a314 ص ؛
_c24 سم
650 0 4 _aالمسيح
650 0 4 _aمريم العذراء
650 0 4 _aمريم العذراء - قصص القران
942 _2ddc
_cBK
999 _c3540
_d3540